[Event "Mercredi 2018.04.04 ABCD"]
[Site "Montreal CAN"]
[Date "2018.04.25"]
[Round "4"]
[White "Nesterov, Timour"]
[Black "Baran, Marius"]
[Result "1-0"]
[WhiteElo "1857"]
[BlackElo "1851"]
[PlyCount "47"]
[EventDate "2018.04.04"]
[EventType "tourn"]
[EventRounds "5"]
[EventCountry "CAN"]

1. d4 d5 2. Bf4 Bf5 3. c4 e6 4. Nc3 c6 5. Nf3 Nf6 6. e3 Bd6 7. Qb3 Bxf4 8. Qxb7
Bd6 9. Qxa8 Qc7 10. c5 Be7 11. Ba6 O-O 12. Qb7 Qxb7 13. Bxb7 Nfd7 14. b4 a6 15.
a4 Bd3 16. Kd2 Bc4 17. Rhb1 Bf6 18. b5 cxb5 19. axb5 axb5 20. Ra8 e5 21. Nxb5
exd4 22. exd4 g5 23. g4 Re8 24. Nc3 1-0

[Event "Mercredi 2018.04.04 ABCD"]
[Site "Montreal CAN"]
[Date "2018.04.25"]
[Round "4"]
[White "Nunez, Omar"]
[Black "Chang, Alexander RZ"]
[Result "1/2-1/2"]
[WhiteElo "1979"]
[BlackElo "1961"]
[PlyCount "39"]
[EventDate "2018.04.04"]
[EventType "tourn"]
[EventRounds "5"]
[EventCountry "CAN"]

1. d4 d5 2. Bf4 Nf6 3. e3 Bf5 4. Bd3 Bg6 5. Nf3 e6 6. Ne5 Bd6 7. h3 Nbd7 8. O-O
O-O 9. Nc3 Qe7 10. Nb5 Bxe5 11. dxe5 Ne8 12. Qd2 a6 13. Qa5 Nb6 14. Nd6 cxd6
15. Qxb6 dxe5 16. Bxe5 Rc8 17. Bc3 Rc6 18. Qd4 Qc7 19. f4 f5 20. Qe5 1/2-1/2

[Event "Mercredi 2018.04.04 ABCD"]
[Site "Montreal CAN"]
[Date "2018.04.25"]
[Round "4"]
[White "O'Connor, Michael"]
[Black "Jean, Robert"]
[Result "1-0"]
[WhiteElo "1818"]
[BlackElo "1763"]
[PlyCount "55"]
[EventDate "2018.04.04"]
[EventType "tourn"]
[EventRounds "5"]
[EventCountry "CAN"]

1. d4 Nf6 2. c4 e6 3. Nf3 d5 4. Nc3 Bb4 5. Bg5 h6 6. Bh4 dxc4 7. e3 b5 8. Be2
a6 9. O-O Bb7 10. a4 Bxc3 11. bxc3 Nbd7 12. Qb1 Be4 13. Qb2 c6 14. Nd2 g5 15.
Nxe4 Nxe4 16. f3 Nef6 17. Bg3 O-O 18. e4 Nb6 19. Bd1 Nh5 20. f4 Nxg3 21. hxg3
Kg7 22. Qe2 f6 23. Bc2 Qe8 24. Kf2 f5 25. a5 Nc8 26. fxg5 hxg5 27. exf5 Nd6 28.
Qe5+ 1-0

[Event "Mercredi 2018.04.04 ABCD"]
[Site "Montreal CAN"]
[Date "2018.04.25"]
[Round "4"]
[White "O'Neill, Brendon"]
[Black "Gates, Claude-Eric"]
[Result "1-0"]
[WhiteElo "1744"]
[BlackElo "1749"]
[PlyCount "43"]
[EventDate "2018.04.04"]
[EventType "tourn"]
[EventRounds "5"]
[EventCountry "CAN"]

1. e4 c5 2. Nf3 g6 3. d4 cxd4 4. Qxd4 Nf6 5. e5 Nc6 6. Qa4 Nd5 7. Qb3 Nb6 8.
Bb5 Bg7 9. Bxc6 dxc6 10. O-O Be6 11. Qb4 O-O 12. Nc3 Qc7 13. Bg5 Rfe8 14. Qh4
Nc4 15. Bf4 Qc8 16. b3 Nb6 17. Bh6 Nd5 18. Bxg7 Kxg7 19. Ne4 h6 20. c4 Nc7 21.
Nf6 exf6 22. exf6+ 1-0

[Event "Mercredi 2018.04.04 ABCD"]
[Site "Montreal CAN"]
[Date "2018.04.25"]
[Round "4"]
[White "Pomerantz, Daniel"]
[Black "Barko, Maxim"]
[Result "1-0"]
[WhiteElo "2024"]
[BlackElo "1949"]
[PlyCount "121"]
[EventDate "2018.04.04"]
[EventType "tourn"]
[EventRounds "5"]
[EventCountry "CAN"]

1. e4 e6 2. d4 d5 3. Nd2 Nf6 4. e5 Nfd7 5. Bd3 c5 6. c3 Nc6 7. Ne2 cxd4 8. cxd4
f6 9. exf6 Nxf6 10. O-O Bd6 11. Nf3 Qc7 12. Bg5 O-O 13. Bh4 Nh5 14. Qc2 g6 15.
Bxg6 Nf4 16. Nxf4 Rxf4 17. Bg3 hxg6 18. Bxf4 Bxf4 19. Qxg6+ Qg7 20. Qe8+ Qf8
21. Qh5 Qg7 22. Rad1 Bd7 23. Qh4 Rf8 24. Rfe1 Bc7 25. Qg5 Rf4 26. Qxg7+ Kxg7
27. Re3 Bb6 28. g3 Re4 29. Rxe4 dxe4 30. Ng5 Nxd4 31. Nxe4 Bc6 32. Ng5 Kg6 33.
h4 Ne2+ 34. Kf1 Bb5 35. Kg2 Bc6+ 36. f3 Bd5 37. Rd2 Nd4 38. b3 Nf5 39. Ne4 Ne3+
40. Kh3 Bc7 41. Rd3 Nf5 42. g4 Ne7 43. h5+ Kg7 44. Kh4 Bd8 45. g5 Nf5+ 46. Kg4
Bb6 47. Rc3 Bc6 48. b4 Ne3+ 49. Kh4 Bd4 50. Rc1 a6 51. a4 Nf5+ 52. Kh3 Be5 53.
Nc5 Bxf3 54. Nxe6+ Kf7 55. Rf1 Be4 56. Nc5 Bc2 57. Kg4 Ke7 58. Rxf5 Bxf5+ 59.
Kxf5 Bc3 60. Nd3 Kf7 61. h6 1-0

[Event "Mercredi 2018.04.04 ABCD"]
[Site "Montreal CAN"]
[Date "2018.04.25"]
[Round "4"]
[White "Zheng, Richard"]
[Black "Tomb, Maroun"]
[Result "1/2-1/2"]
[WhiteElo "2094"]
[BlackElo "2249"]
[PlyCount "84"]
[EventDate "2018.04.04"]
[EventType "tourn"]
[EventRounds "5"]
[EventCountry "CAN"]

1. Nf3 Nf6 2. d4 d6 3. c4 Nbd7 4. Nc3 e5 5. e4 Be7 6. Be2 O-O 7. h3 c6 8. O-O
a5 9. a4 exd4 10. Nxd4 Nc5 11. Qc2 Re8 12. Be3 Bf8 13. Bf3 Nfd7 14. Rfe1 Qc7
15. Rad1 Na6 16. b3 Nb4 17. Qe2 Nc5 18. Bf4 f5 19. e5 dxe5 20. Bxe5 Qf7 21. Qf1
Bd7 22. g3 Re7 23. Bg2 Rae8 24. f4 Bc8 25. Qe2 Rd7 26. Na2 Nxa2 27. Qxa2 Red8
28. Qc2 Na6 29. Nf3 Bc5+ 30. Kh2 Nb4 31. Qe2 Nd3 32. Rf1 Qe7 33. Qc2 Nb4 34.
Qe2 Rd3 35. Rxd3 Rxd3 36. Qb2 Rd8 37. Qe2 Qd7 38. Bc3 Qd3 39. Qe5 Bf8 40. Qxa5
Nc2 41. Ne1 Nxe1 42. Rxe1 h5 1/2-1/2

[Event "Mercredi 2018.04.04 ABCD"]
[Site "Montreal CAN"]
[Date "2018.04.25"]
[Round "4"]
[White "Zumsteg, Nicolas"]
[Black "Abdelaal, Ibrahim"]
[Result "1/2-1/2"]
[WhiteElo "1828"]
[BlackElo "1829"]
[PlyCount "122"]
[EventDate "2018.04.04"]
[EventType "tourn"]
[EventRounds "5"]
[EventCountry "CAN"]

1. e4 d5 2. exd5 Nf6 3. Bb5+ Bd7 4. Bxd7+ Qxd7 5. Nc3 Nxd5 6. Nxd5 Qxd5 7. Qf3
e6 8. d3 Bb4+ 9. c3 Bd6 10. Qxd5 exd5 11. Nf3 O-O 12. O-O Re8 13. Be3 Nd7 14.
b4 a5 15. b5 Bc5 16. Rfe1 Bxe3 17. Rxe3 Rxe3 18. fxe3 Re8 19. Kf2 Nc5 20. Rd1
b6 21. Nd4 g6 22. g4 Kg7 23. h4 h6 24. Ke2 Nb7 25. Rf1 Nd6 26. Rf4 Nb7 27. Nc6
Nd6 28. a4 Nb7 29. Rd4 Nc5 30. Rxd5 Nxa4 31. Kd2 Nc5 32. Nxa5 Ra8 33. Nc4 Ra2+
34. Kd1 Ra1+ 35. Kc2 Rh1 36. h5 Rh2+ 37. Nd2 Rh4 38. hxg6 fxg6 39. g5 h5 40. d4
Ne6 41. Kd3 Rh3 42. Rd7+ Kf8 43. Nc4 Rg3 44. Nxb6 cxb6 45. Rd6 Ke7 46. Rxb6
Rxg5 47. c4 h4 48. Rb7+ Kd8 49. Rh7 Rh5 50. Rxh5 gxh5 51. Ke2 Ng7 52. e4 Ne6
53. d5 h3 54. Kf2 Ng5 55. e5 Ne4+ 56. Kg1 Nd2 57. Kh2 Nxc4 58. e6 Ke7 59. Kxh3
Nb6 60. Kh4 Nxd5 61. Kxh5 Kxe6 1/2-1/2

[Event "Mercredi 2018.04.04 ABCD"]
[Site "Montreal CAN"]
[Date "2018.05.02"]
[Round "5"]
[White "Abdelaal, Ibrahim"]
[Black "Guipi Bopala, Prince Eric jr"]
[Result "1-0"]
[WhiteElo "1829"]
[BlackElo "1857"]
[PlyCount "121"]
[EventDate "2018.04.04"]
[EventType "tourn"]
[EventRounds "5"]
[EventCountry "CAN"]

1. e4 e5 2. Nf3 Nc6 3. Bc4 Bc5 4. b4 Bxb4 5. c3 Ba5 6. d4 exd4 7. O-O Nge7 8.
cxd4 d5 9. exd5 Nxd5 10. Ba3 Be6 11. Nbd2 Bb4 12. Bxb4 Ncxb4 13. Qa4+ Nc6 14.
Ba6 Nc3 15. Qa3 bxa6 16. Qxc3 Ne7 17. d5 Qxd5 18. Qxg7 Rg8 19. Qf6 Qc6 20. Rac1
Qb7 21. Rfe1 Rd8 22. Ne4 Rg6 23. Qh8+ Rg8 24. Nf6+ Kf8 25. Nxh7+ Ke8 26. Nf6+
Kf8 27. Nxg8 Nxg8 28. Ng5 Bf5 29. Nh7+ Bxh7 30. Qxh7 Qb6 31. Qc2 Rd7 32. Qc5+
Kg7 33. Qg5+ Kf8 34. Rcd1 Rd6 35. Rxd6 Qxd6 36. Qe5 Qd2 37. h4 Qxa2 38. Qxc7 a5
39. Qxa7 a4 40. Qb8+ Kg7 41. Re3 Nh6 42. Rg3+ Kh7 43. Qe5 Qb1+ 44. Kh2 Nf5 45.
Rg5 a3 46. Qxf5+ Qxf5 47. Rxf5 a2 48. Ra5 Kg6 49. Rxa2 Kh5 50. Ra7 Kxh4 51.
Rxf7 Kg4 52. f3+ Kg5 53. g4 Kh4 54. Kg2 Kg5 55. Kg3 Kg6 56. Rf5 Kh6 57. f4 Kg6
58. Kh4 Kh6 59. Rg5 Kh7 60. f5 Kh8 61. f6 1-0

[Event "Mercredi 2018.04.04 ABCD"]
[Site "Montreal CAN"]
[Date "2018.05.02"]
[Round "5"]
[White "Baran, Marius"]
[Black "Zumsteg, Nicolas"]
[Result "1/2-1/2"]
[WhiteElo "1851"]
[BlackElo "1828"]
[PlyCount "124"]
[EventDate "2018.04.04"]
[EventType "tourn"]
[EventRounds "5"]
[EventCountry "CAN"]

1. e4 c6 2. Nc3 d5 3. Nf3 d4 4. Ne2 c5 5. c3 dxc3 6. Nxc3 Nc6 7. h3 e6 8. Be2
Bd6 9. d3 Nge7 10. O-O O-O 11. Be3 b6 12. d4 cxd4 13. Nxd4 Bb7 14. Nf3 Rc8 15.
Rc1 Ne5 16. Qb3 N7c6 17. Nxe5 Bxe5 18. Rfd1 Qe7 19. Rd2 Rfd8 20. Rcd1 Rxd2 21.
Rxd2 Rd8 22. Qd1 Rxd2 23. Qxd2 Qd6 24. Qxd6 Bxd6 25. f3 f5 26. Bc4 fxe4 27.
Bxe6+ Kf8 28. Nxe4 Ke7 29. Nxd6 Kxd6 30. Bg8 h6 31. Kf2 Ne7 32. Bb3 Bd5 33.
Bxd5 Kxd5 34. Ke2 h5 35. g4 hxg4 36. hxg4 g6 37. b3 Nc6 38. a3 b5 39. Bf2 a6
40. Kd3 Nd8 41. Ke3 Ne6 42. Kd3 Nd8 43. f4 Nc6 44. Be3 Nd8 45. Bd4 Nc6 46. Bc3
Nd8 47. f5 gxf5 48. gxf5 Nc6 49. f6 Ke6 50. Ke4 Nd8 51. Bb2 Nf7 52. Kd4 Kxf6
53. Kc5+ Ke6 54. Kb6 Kd5 55. Bf6 Nd6 56. Kxa6 Kc6 57. Be5 Ne4 58. Ka5 Nc5 59.
b4 Nb3+ 60. Ka6 Nd2 61. Bf4 Nc4 62. Bc1 Nb6 1/2-1/2

[Event "Mercredi 2018.04.04 ABCD"]
[Site "Montreal CAN"]
[Date "2018.05.02"]
[Round "5"]
[White "Barko, Maxim"]
[Black "Nunez, Omar"]
[Result "0-1"]
[WhiteElo "1949"]
[BlackElo "1979"]
[PlyCount "74"]
[EventDate "2018.04.04"]
[EventType "tourn"]
[EventRounds "5"]
[EventCountry "CAN"]

1. e4 d5 2. exd5 Qxd5 3. Nc3 Qd8 4. d4 g6 5. Nf3 Bg7 6. Be3 Nh6 7. Qd2 Nf5 8.
O-O-O Nxe3 9. Qxe3 O-O 10. Ne5 Nd7 11. h4 c5 12. f4 cxd4 13. Rxd4 Qb6 14. Nd5
Qd6 15. Nxg6 Bxd4 16. Ngxe7+ Kh8 17. Qxd4+ f6 18. Nf5 Qc5 19. Be2 Qxd4 20. Nxd4
Nc5 21. Bf3 Bd7 22. f5 Rac8 23. Nf4 b6 24. Bd5 Rfe8 25. h5 h6 26. Nfe6 Nd3+ 27.
Kb1 Nb4 28. Bb7 Rb8 29. Bf3 Bxe6 30. fxe6 Rbd8 31. Rd1 Rd6 32. c3 Na6 33. Bc6
Rexe6 34. Bb5 Nc5 35. Rf1 Re5 36. Nf5 Rde6 37. Rf2 Ne4 0-1

[Event "Mercredi 2018.04.04 ABCD"]
[Site "Montreal CAN"]
[Date "2018.05.02"]
[Round "5"]
[White "Chang, Alexander RZ"]
[Black "Beaulieu, Pierre"]
[Result "1/2-1/2"]
[WhiteElo "1961"]
[BlackElo "1881"]
[PlyCount "199"]
[EventDate "2018.04.04"]
[EventType "tourn"]
[EventRounds "5"]
[EventCountry "CAN"]

1. e4 g6 2. d4 Bg7 3. Nf3 d6 4. Bd3 Nd7 5. O-O c6 6. c3 e5 7. dxe5 dxe5 8. Be3
Ngf6 9. Nbd2 O-O 10. Qc2 Ng4 11. Bg5 f6 12. Bh4 Qc7 13. h3 Nh6 14. Nc4 Nc5 15.
Bg3 Nxd3 16. Qxd3 Nf7 17. Rad1 Be6 18. b3 Rad8 19. Qe2 b5 20. Ne3 Nd6 21. Qc2
a5 22. c4 bxc4 23. bxc4 Bh6 24. c5 Nb7 25. Nc4 Bg7 26. Nb6 Qe7 27. Na4 Qf7 28.
Rb1 Rd7 29. Rb2 Bc4 30. Nb6 Bxf1 31. Nxd7 Qxd7 32. Kxf1 Kh8 33. Qc4 Ra8 34. Ne1
Bf8 35. Nd3 Nxc5 36. Rd2 Rd8 37. Ke2 Ne6 38. Rb2 Ba3 39. Rb6 Bb4 40. f3 Nc5 41.
Rxb4 Nxd3 42. Rb1 Nb4 43. Be1 Qd3+ 44. Qxd3 Nxd3 45. Bxa5 Nf4+ 46. Kf2 Ra8 47.
Bd2 Rxa2 48. Rb8+ Kg7 49. Rd8 Ne6 50. Rd6 Nd4 51. Ke3 Kf7 52. Rd7+ Kg8 53. Rd8+
Kf7 54. Rd7+ Ke6 55. Rxh7 c5 56. Rc7 g5 57. Bc3 Rxg2 58. Rxc5 Nb3 59. Rc6+ Kf7
60. Rc7+ Kg6 61. Rc6 Kf7 62. Rc7+ Ke8 63. Rc6 Kf7 64. Rc7+ Kg6 65. Rd7 Rg3 66.
Rb7 Nd4 67. Bxd4 exd4+ 68. Kf2 Rxh3 69. Rd7 Rh2+ 70. Ke1 Rh3 71. Kf2 g4 72.
fxg4 d3 73. Rd5 Kf7 74. Kg2 Re3 75. Kf2 Rxe4 76. Rxd3 Rxg4 77. Kf3 Rh4 78. Rd5
Ra4 79. Rb5 Kg6 80. Rb6 Kg5 81. Rb5+ f5 82. Rb3 Rh4 83. Rb8 Rh3+ 84. Kg2 Ra3
85. Rg8+ Kf4 86. Rb8 Ra2+ 87. Kf1 Kg4 88. Rb3 f4 89. Rc3 Kf5 90. Rb3 Rd2 91.
Ke1 Ra2 92. Kf1 Ke4 93. Rc3 f3 94. Rc8 Ra5 95. Re8+ Re5 96. Rxe5+ Kxe5 97. Kf2
Ke4 98. Kf1 Ke3 99. Ke1 f2+ 100. Kf1 1/2-1/2

[Event "Mercredi 2018.04.04 ABCD"]
[Site "Montreal CAN"]
[Date "2018.05.02"]
[Round "5"]
[White "Charette, Nicolas"]
[Black "Nesterov, Timour"]
[Result "0-1"]
[WhiteElo "1833"]
[BlackElo "1857"]
[PlyCount "66"]
[EventDate "2018.04.04"]
[EventType "tourn"]
[EventRounds "5"]
[EventCountry "CAN"]

1. e4 e6 2. d4 d5 3. Nc3 Nf6 4. e5 Nfd7 5. f4 c5 6. Nf3 Nc6 7. Ne2 cxd4 8.
Nexd4 Be7 9. c3 Nc5 10. Bd3 Nxd3+ 11. Qxd3 Bd7 12. Be3 Rc8 13. O-O g6 14. Kh1
h5 15. Nxc6 bxc6 16. b4 c5 17. b5 Qa5 18. a4 O-O 19. c4 Rfd8 20. Bd2 Qc7 21.
Rfb1 Rb8 22. a5 dxc4 23. Qxc4 Qb7 24. b6 axb6 25. Rxb6 Qa8 26. Rxb8 Qxb8 27.
Qc2 Bb5 28. Rb1 Qb7 29. a6 Qxa6 30. Rc1 Bd3 31. Qc3 Be4 32. Ng5 Bxg5 33. fxg5
Qe2 0-1

[Event "Mercredi 2018.04.04 ABCD"]
[Site "Montreal CAN"]
[Date "2018.05.02"]
[Round "5"]
[White "Gates, Claude-Eric"]
[Black "O'Connor, Michael"]
[Result "0-1"]
[WhiteElo "1749"]
[BlackElo "1818"]
[PlyCount "110"]
[EventDate "2018.04.04"]
[EventType "tourn"]
[EventRounds "5"]
[EventCountry "CAN"]

1. e4 e5 2. Nf3 Nc6 3. Bc4 Bc5 4. b4 Bb6 5. O-O Nf6 6. b5 Na5 7. Bxf7+ Kxf7 8.
Nxe5+ Ke6 9. Bb2 d6 10. Ng4 h5 11. Nxf6 gxf6 12. d3 Kf7 13. Kh1 Qg8 14. Nc3 c6
15. Qd2 Bd7 16. f4 Re8 17. Rae1 Bc7 18. Nd5 cxd5 19. Bxf6 Bxb5 20. Bh4 Qg7 21.
e5 Qg4 22. Qc3 Bc6 23. e6+ Kg8 24. Qf6 Qg7 25. Qf5 d4 26. Rf2 Rf8 27. Qh3 Qg4
28. Qxg4+ hxg4 29. e7 Re8 30. Bf6 Rh7 31. Bg5 g3 32. Rfe2 Rxh2+ 33. Kg1 Bd5 34.
f5 Nc6 35. Bf4 Rh7 36. f6 Kf7 37. Bxg3 Rh6 38. Rb1 b6 39. Rb5 Be6 40. Rb1 Rxf6
41. Bh4 Rf5 42. Rbe1 Ne5 43. Re4 b5 44. Bf2 Bb6 45. Bxd4 Bxd4+ 46. Rxd4 Kxe7
47. Rb4 Rg8 48. Re2 Kd7 49. Re3 a6 50. a4 Rfg5 51. Re2 Bd5 52. Rh4 Rxg2+ 53.
Rxg2 Rxg2+ 54. Kf1 Rxc2 55. axb5 axb5 0-1

[Event "Mercredi 2018.04.04 ABCD"]
[Site "Montreal CAN"]
[Date "2018.05.02"]
[Round "5"]
[White "Jacquet, Stephane"]
[Black "Pomerantz, Daniel"]
[Result "1/2-1/2"]
[WhiteElo "1932"]
[BlackElo "2024"]
[PlyCount "83"]
[EventDate "2018.04.04"]
[EventType "tourn"]
[EventRounds "5"]
[EventCountry "CAN"]

1. d4 Nf6 2. c4 e6 3. Nf3 Bb4+ 4. Bd2 c5 5. Bxb4 cxb4 6. Nbd2 O-O 7. g3 b6 8.
Bg2 Bb7 9. O-O d6 10. Re1 Nbd7 11. e4 e5 12. Nh4 g6 13. a3 bxa3 14. Rxa3 a5 15.
Nf1 Re8 16. d5 Nc5 17. Qd2 Nfd7 18. Qh6 Qe7 19. g4 Qf8 20. Qd2 Qe7 21. Rh3 f6
22. Ne3 Nb3 23. Qd1 Nd4 24. Kh1 Nf8 25. Rg1 Bc8 26. Bf1 Kh8 27. Bd3 g5 28. Nhf5
Bxf5 29. gxf5 Nd7 30. Rh6 Rg8 31. Rg3 Rg7 32. Rgh3 a4 33. Qh5 a3 34. bxa3 Rxa3
35. Ng4 Kg8 36. Bf1 Ra1 37. Kg2 Qf7 38. Qxf7+ Rxf7 39. R6h5 Kh8 40. Nh6 Re7 41.
Ng4 Rf7 42. Nh6 1/2-1/2

[Event "Mercredi 2018.04.04 ABCD"]
[Site "Montreal CAN"]
[Date "2018.05.01"]
[Round "5"]
[White "Jean, Robert"]
[Black "Nardone, Raul"]
[Result "0-1"]
[WhiteElo "1763"]
[BlackElo "1807"]
[PlyCount "154"]
[EventDate "2018.04.04"]
[EventType "tourn"]
[EventRounds "5"]
[EventCountry "CAN"]

1. d4 Nf6 2. c4 g6 3. Nc3 Bg7 4. e4 d6 5. f3 O-O 6. Be3 e5 7. d5 c6 8. Qd2 Qe7
9. O-O-O Rd8 10. Bg5 c5 11. g4 a6 12. h4 b5 13. h5 bxc4 14. hxg6 fxg6 15. Qh2
Nbd7 16. Qxh7+ Kf7 17. Bxf6 Nxf6 18. Qh2 Rh8 19. Qg2 Rxh1 20. Qxh1 Bd7 21. Bxc4
Bb5 22. Bxb5 axb5 23. Nxb5 Rxa2 24. Nc3 Ra8 25. Kc2 Nd7 26. Nge2 Ra5 27. Ra1
Qd8 28. Rxa5 Qxa5 29. Qb1 Bh6 30. Qa2 Qb6 31. Qa4 Ke7 32. Qb5 Qa7 33. Qc6 Nb8
34. Qa4 Qb6 35. Nb5 Na6 36. Nec3 Kf6 37. Kb1 Be3 38. Qd1 c4 39. Qh1 Kg5 40. Qh7
Bc5 41. Qe7+ Kh6 42. Qh4+ Kg7 43. g5 Qd8 44. Qh6+ Kf7 45. Qh7+ Kf8 46. Qxg6 Nb4
47. Qh6+ Kg8 48. g6 Qe7 49. Na3 Nd3 50. Nxc4 Qg7 51. Qxg7+ Kxg7 52. Nd2 Kxg6
53. Kc2 Ne1+ 54. Kd1 Nd3 55. b3 Kg5 56. Na4 Bb4 57. Nb6 Kf4 58. Ke2 Nc1+ 59.
Kd1 Bxd2 60. Kxd2 Nxb3+ 61. Kc3 Nc5 62. Nc8 Nb7 63. Kd3 Kxf3 64. Ne7 Nc5+ 65.
Kc4 Nxe4 66. Nc6 Nf6 67. Nb4 e4 68. Kd4 e3 69. Nd3 e2 70. Ne1+ Kf2 71. Nd3+ Kf1
72. Kc4 e1=Q 73. Nxe1 Kxe1 74. Kb5 Ke2 75. Kc6 Ne4 76. Kd7 Kd3 77. Ke6 Kd4 0-1

[Event "Mercredi 2018.04.04 ABCD"]
[Site "Montreal CAN"]
[Date "2018.05.02"]
[Round "5"]
[White "Jureidini, Gabriel"]
[Black "O'Neill, Brendon"]
[Result "1-0"]
[WhiteElo "1764"]
[BlackElo "1744"]
[PlyCount "77"]
[EventDate "2018.04.04"]
[EventType "tourn"]
[EventRounds "5"]
[EventCountry "CAN"]

1. e4 c5 2. Nf3 d6 3. d4 cxd4 4. Nxd4 Nf6 5. Nc3 a6 6. f3 e6 7. Be3 Be7 8. Qd2
Nbd7 9. g4 Nc5 10. O-O-O Qc7 11. Kb1 b5 12. g5 Nfd7 13. h4 b4 14. Nce2 Rb8 15.
b3 Nb6 16. Bg2 Bd7 17. h5 a5 18. g6 f6 19. h6 hxg6 20. hxg7 Rg8 21. Ng3 a4 22.
f4 axb3 23. cxb3 Nca4 24. Nde2 Nc3+ 25. Nxc3 bxc3 26. Bxb6 Rxb6 27. Qc2 Ra6 28.
e5 d5 29. Qxg6+ Kd8 30. Rh8 c2+ 31. Qxc2 Rc6 32. Rxg8+ Be8 33. Rxe8+ Kxe8 34.
g8=Q+ Kd7 35. Qb2 Qa5 36. Rc1 Bc5 37. Qf7+ Kc8 38. b4 Qa4 39. Rxc5 1-0

[Event "Mercredi 2018.04.04 ABCD"]
[Site "Montreal CAN"]
[Date "2018.05.02"]
[Round "5"]
[White "Lopez Linares, Lizandro"]
[Black "Tremblay, Alain"]
[Result "0-1"]
[WhiteElo "2251"]
[BlackElo "2091"]
[PlyCount "144"]
[EventDate "2018.04.04"]
[EventType "tourn"]
[EventRounds "5"]
[EventCountry "CAN"]

1. d4 e6 2. g3 c5 3. e3 Nf6 4. Bg2 Nc6 5. Ne2 d5 6. O-O Be7 7. b3 O-O 8. Bb2
Bd7 9. Nd2 Rc8 10. dxc5 Bxc5 11. c4 Nb4 12. a3 Nd3 13. Bc3 Ng4 14. Bd4 Bxd4 15.
Nxd4 e5 16. Nb5 Bxb5 17. Qxg4 dxc4 18. bxc4 f5 19. Qh5 Bc6 20. Rab1 Bxg2 21.
Kxg2 Nc5 22. Rfd1 Qf6 23. Nf3 Rfe8 24. Rd5 b6 25. Rbd1 g6 26. Qh6 Rcd8 27. Rxd8
Rxd8 28. Rxd8+ Qxd8 29. Nxe5 Qd6 30. Nf3 Ne4 31. Nd4 Qxa3 32. Qf4 Qd6 33. Qf3
Qe5 34. Qd1 Nc5 35. h4 Qe7 36. Kg1 Qe4 37. h5 Qd3 38. Qf3 Qe4 39. Qe2 Qd3 40.
Qa2 Qd1+ 41. Kg2 Qa4 42. Qe2 Qe8 43. hxg6 hxg6 44. Qa2 Qa4 45. Qe2 Qe8 46. f3
a5 47. Nb5 Qd7 48. Nd4 Qa4 49. g4 fxg4 50. fxg4 Qe8 51. Kf3 Qe4+ 52. Kg3 a4 53.
Nf3 a3 54. Qd2 Qd3 55. Qxd3 Nxd3 56. Nd4 Kf7 57. Nb3 Ke6 58. Kf3 Ke5 59. Ke2
Nc5 60. Nc1 Ke4 61. Kd2 Kf3 62. g5 Ke4 63. Kc3 Ne6 64. Kb3 Nxg5 65. Kxa3 Nf3
66. Na2 g5 67. Nb4 g4 68. Nd5 g3 69. Nf4 Kxe3 70. Ng2+ Kd4 71. Kb4 Ne5 72. Nf4
Nd3+ 0-1

[Event "Mercredi 2018.04.04 ABCD"]
[Site "Montreal CAN"]
[Date "2018.05.02"]
[Round "5"]
[White "Tomb, Maroun"]
[Black "Beaulieu, Eric"]
[Result "0-1"]
[WhiteElo "2249"]
[BlackElo "2243"]
[PlyCount "106"]
[EventDate "2018.04.04"]
[EventType "tourn"]
[EventRounds "5"]
[EventCountry "CAN"]

1. e4 d5 2. exd5 Qxd5 3. Nc3 Qa5 4. d4 Nf6 5. Nf3 c6 6. Bd3 Bg4 7. h3 Bh5 8. g4
Bg6 9. Ne5 Bxd3 10. Qxd3 Nbd7 11. Nc4 Qc7 12. Qf3 Nd5 13. Nxd5 cxd5 14. Qxd5 e6
15. Qb5 a6 16. Qb3 Rc8 17. Ne3 Qc6 18. Rf1 Be7 19. Bd2 Qf3 20. Bb4 Bg5 21. Qd3
Bxe3 22. fxe3 Qg3+ 23. Ke2 Nf6 24. Rf3 Qg2+ 25. Rf2 Qxh3 26. Raf1 Qxg4+ 27. Ke1
Nd5 28. Ba3 f6 29. c4 Ne7 30. Qb3 Rc7 31. Qb6 Rd7 32. Rf4 Qg3+ 33. Ke2 Qg2+ 34.
R1f2 Qc6 35. Qb4 O-O 36. b3 Rc8 37. e4 Ng6 38. d5 Nxf4+ 39. Rxf4 exd5 40. exd5
Re8+ 41. Kf3 Qc7 42. Re4 Qc8 43. Re6 Rdd8 44. Qe1 Kf7 45. Re7+ Rxe7 46. Qxe7+
Kg8 47. d6 Qd7 48. Qe4 Re8 49. Qd5+ Kh8 50. Kg3 Re3+ 51. Kf2 Qh3 52. Bb4 Qg3+
53. Kf1 Qf4+ 0-1

[Event "Mercredi 2018.05.09 ABCD"]
[Site "Montreal CAN"]
[Date "2018.05.09"]
[Round "1"]
[White "Abdelaal, Ibrahim"]
[Black "Templonuevo, Mark Geryl"]
[Result "1/2-1/2"]
[WhiteElo "1827"]
[BlackElo "1735"]
[PlyCount "127"]
[EventDate "2018.05.09"]
[EventType "tourn"]
[EventRounds "5"]
[EventCountry "CAN"]

1. e4 e5 2. Nf3 Nc6 3. Bc4 Bc5 4. b4 Bxb4 5. c3 Be7 6. d4 d6 7. d5 Nb8 8. O-O
Nf6 9. Bd3 O-O 10. Bg5 Nxd5 11. exd5 Bxg5 12. Nbd2 Bf4 13. g3 Bh6 14. Qc2 f5
15. Nh4 Qf6 16. f3 Be3+ 17. Kh1 Bg5 18. Ng2 Nd7 19. f4 exf4 20. Nxf4 Ne5 21.
Rab1 Ng4 22. Rbe1 Qh6 23. Nf3 Bxf4 24. gxf4 Qxf4 25. Ne5 Qxh2+ 26. Qxh2 Nxh2
27. Kxh2 dxe5 28. Rxe5 g6 29. Re7 Rf7 30. Re8+ Kg7 31. Rfe1 b6 32. Ba6 Bxa6 33.
Rxa8 f4 34. Rxa7 Bc4 35. Kg1 f3 36. Kf2 Bxd5 37. Re5 Bc4 38. Re4 Be2 39. Re6
Rd7 40. Rxb6 Rd1 41. Rxc7+ Kh6 42. Rbb7 Rd2 43. Rxh7+ Kg5 44. Rbf7 Kg4 45. Rd7
Rxa2 46. Rd4+ Kg5 47. Kg3 Rc2 48. Rc7 Rc1 49. Rc5+ Kh6 50. Rh4+ Kg7 51. Rc7+
Kf6 52. Rf4+ Kg5 53. Rg4+ Kh6 54. Rh4+ Kg5 55. Rc5+ Kf6 56. Rc6+ Kg5 57. Rg4+
Kh5 58. Rh4+ Kg5 59. Rg4+ Kh5 60. Rc5+ Kh6 61. Rh4+ Kg7 62. Rc7+ Kf6 63. Rf4+
Kg5 64. Rc5+ 1/2-1/2

[Event "Mercredi 2018.05.09 ABCD"]
[Site "Montreal CAN"]
[Date "2018.05.09"]
[Round "1"]
[White "Autotte, Daniel"]
[Black "Millette, Sylvain"]
[Result "1/2-1/2"]
[WhiteElo "1643"]
[BlackElo "1657"]
[PlyCount "78"]
[EventDate "2018.05.09"]
[EventType "tourn"]
[EventRounds "5"]
[EventCountry "CAN"]

1. d4 Nf6 2. Bf4 g6 3. e3 d5 4. Nd2 c5 5. c3 cxd4 6. exd4 Nc6 7. Ngf3 Bg7 8.
Be2 Bd7 9. Ne5 a6 10. a4 O-O 11. O-O Rc8 12. h3 Ne8 13. Nxd7 Qxd7 14. Nf3 Nd6
15. Ne5 Nxe5 16. Bxe5 Bxe5 17. dxe5 Nc4 18. Bxc4 Rxc4 19. Re1 e6 20. Qb3 Rfc8
21. g3 Qc7 22. Rad1 b5 23. axb5 axb5 24. Rd4 Rxd4 25. cxd4 Qc4 26. Qe3 Qc2 27.
Re2 Qc1+ 28. Kg2 b4 29. Qxc1 Rxc1 30. Rd2 Kf8 31. Kf3 Ke7 32. Ke3 Kd7 33. Kd3
b3 34. Ke3 Rc4 35. Rd3 Rb4 36. Rc3 Rb5 37. Kd3 Rb4 38. Rc5 Rb7 39. Kc3 Rb6
1/2-1/2

[Event "Mercredi 2018.05.09 ABCD"]
[Site "Montreal CAN"]
[Date "2018.05.09"]
[Round "1"]
[White "Barko, Maxim"]
[Black "Guipi Bopala, Prince Eric jr"]
[Result "1-0"]
[WhiteElo "1936"]
[BlackElo "1910"]
[PlyCount "101"]
[EventDate "2018.05.09"]
[EventType "tourn"]
[EventRounds "5"]
[EventCountry "CAN"]

1. d4 d5 2. c4 e6 3. Nc3 Be7 4. Bf4 Nf6 5. e3 O-O 6. Nf3 c6 7. Qc2 b6 8. Ne5
Bb7 9. cxd5 exd5 10. Be2 Nbd7 11. O-O Nxe5 12. dxe5 Nd7 13. Bd3 h6 14. Qe2 Re8
15. Bg3 Bf8 16. f4 Nc5 17. Bc2 Ba6 18. Qf3 Bxf1 19. Qxf1 Be7 20. Qf2 f6 21. Bg6
Rf8 22. b4 Na6 23. b5 cxb5 24. Rd1 Nc7 25. Be4 Kh8 26. Qe2 Qe8 27. Nxd5 Nxd5
28. Rxd5 Rd8 29. Rxb5 Rd1+ 30. Qxd1 Qxb5 31. Bb1 f5 32. h3 g6 33. Kh2 Rd8 34.
Qc2 Qc5 35. Qb3 Qd5 36. Qc3 Qe6 37. Qb2 Rc8 38. Bc2 Qc4 39. Bb3 Qc3 40. Qe2 Rd8
41. Be1 Qd3 42. Qf2 Kh7 43. h4 Qe4 44. Bc3 Rd3 45. Bd4 Bb4 46. Qg3 Rd2 47. Bf7
g5 48. hxg5 h5 49. e6 Bc5 50. g6+ Kh6 51. Qg5# 1-0

[Event "Mercredi 2018.05.09 ABCD"]
[Site "Montreal CAN"]
[Date "2018.05.09"]
[Round "1"]
[White "Boudreau, Daniel"]
[Black "Nunez, Omar"]
[Result "1/2-1/2"]
[WhiteElo "2127"]
[BlackElo "1970"]
[PlyCount "78"]
[EventDate "2018.05.09"]
[EventType "tourn"]
[EventRounds "5"]
[EventCountry "CAN"]

1. e4 d5 2. exd5 Qxd5 3. d4 g6 4. Nf3 Bg7 5. c4 Qd8 6. Be2 Nh6 7. Nc3 Nf5 8. d5
c6 9. Bf4 O-O 10. O-O Nd7 11. Qd2 Nf6 12. Rad1 cxd5 13. cxd5 a6 14. Rfe1 Nd6
15. Ne5 Bd7 16. Bf3 Rc8 17. Qe2 Re8 18. a4 Qa5 19. Rd4 Red8 20. Nc4 Qc5 21.
Nxd6 Qxd4 22. Be5 Qb4 23. Nxc8 Rxc8 24. Ra1 b5 25. axb5 Bxb5 26. Nxb5 axb5 27.
h3 Nd7 28. Bxg7 Kxg7 29. Bg4 Rc7 30. Re1 Nf6 31. Qe5 h5 32. Bf3 Rc2 33. Qxe7
Qxb2 34. d6 Rxf2 35. d7 Rxf3 36. d8=Q Qf2+ 37. Kh1 Rxh3+ 38. gxh3 Qf3+ 39. Kh2
Qf2+ 1/2-1/2